000 00991nam a2200301 i 4500
003 EG-GICUC
005 20260126131627.0
008 260125s1988 ru ||fr|||| 00| 0 eng d
020 _a5010004925
040 _aEG-GiCUC
_beng
_cEG-GiCUC
_dEG-GiCUC
_eRda
041 0 _aeng
082 0 4 _221
_a341.28
_bNA
092 0 4 _221
099 _aLaw1 11 341.28 NA 1988
245 1 0 _aNamibia :
_bA Struggle For Independence A Collection Of Articles Documents And Speeches /
_cCompiled By Y. Gorbunov.
264 1 _aMoscow :
_bProgress Publisher,
_c1988.
300 _a182 page,
_c 24 cm.
336 _2rda contenu
_a texte
337 _2rda medias
_aOrdinateur
338 _2 transporteur rda
_a Ressource en ligne
504 _acomprend des références bibliographiques
546 _aTexte en français
650 1 4 _aternational Public
700 1 _aGorbunov, Y.
_eCompiler.
856 4 0 _uhttps://fll.law.cu.edu.eg/fulltext/bks/B11-06647.pdf
905 _a48
942 _2ddc
_cBK
_e21
_n0
999 _c59243
_d59243